Score 0/50 Timer 11:00
0 Plays Today
Population City % Correct
486,290Atlanta
100%
1,580,863Philadelphia
98.6%
1,511,946 (*)San Antonio
98.6%
863,002Indianapolis
98.6%
643,648 (*)Oklahoma City
98.6%
641,676 (*)Las Vegas
98.6%
488,943 (*)Kansas City
98.6%
152,938 (*)Kansas City
98.6%
306,621 (*)Saint Paul
98.6%
1,341,075Dallas
97.3%
884,363 (*)San Francisco
97.3%
501,901Sacramento
97.3%
466,893Omaha
97.3%
450,435 (*)Virginia Beach
97.3%
385,430Tampa
95.9%
294,356Anchorage
95.9%
200,544 (*)Salt Lake City
95.9%
366,623Aurora
94.5%
242,975 (*)North Las Vegas
94.5%
200,965Aurora
94.5%
334,136 (*)Santa Ana
93.2%
213,418Tacoma
91.8%
198,829 (*)Grand Rapids
90.4%
197,166Augusta
89%
191,079Tallahassee
87.7%
Population City % Correct
179,139Chattanooga
87.7%
425,195Oakland
86.3%
191,278 (*)Overland Park
86.3%
146,444Savannah
86.3%
216,995 (*)San Bernardino
84.9%
210,888 (*)Santa Clarita
83.6%
352,497Anaheim
82.2%
240,397Chesapeake
80.8%
239,673Hialeah
80.8%
199,826Amarillo
80.8%
180,072 (*)Fort Lauderdale
78.1%
160,035Alexandria
76.7%
270,471 (*)Chula Vista
71.2%
177,452 (*)Rancho Cucamonga
71.2%
175,269 (*)Santa Rosa
71.2%
153,520Pasadena
65.8%
142,647Pasadena
65.8%
238,002Garland
58.9%
193,837 (*)Grand Prairie
58.9%
183,365 (*)Cape Coral
57.5%
160,316Lancaster
50.7%
157,596Salinas
50.7%
157,519Palmdale
50.7%
211,815Fontana
47.9%
160,500Hayward
43.8%

You're not logged in!

Compare scores with friends on all Sporcle quizzes.
OR
Log In

Sporcle TV

Today on Sporcle TV


Watch our educational content, quiz creation guides, and fun videos on Sporcle TV.

Show Comments

Extras

Top Quizzes Today


Score Distribution

Paid Content

Your Account Isn't Verified!

In order to create a playlist on Sporcle, you need to verify the email address you used during registration. Go to your Sporcle Settings to finish the process.

Report this User

Report this user for behavior that violates our Community Guidelines.

Details: